|
|
|
|
| LEADER |
00720nab a2200205 i 4500 |
| 001 |
publ30249 |
| 005 |
20240529081654.0 |
| 008 |
240529s2010 hu o 000 hun d |
| 022 |
|
|
|a 1219-8641
|
| 024 |
7 |
|
|a 1965493
|2 mtmt
|
| 040 |
|
|
|a SZTE Publicatio Repozitórium
|b hun
|
| 041 |
|
|
|a hun
|
| 100 |
1 |
|
|a Ócsai Henriette
|
| 245 |
1 |
0 |
|a Molekulárisan célzott onkológiai kezelések bőrön jelentkező mellékhatásai
|h [elektronikus dokumentum] /
|c Ócsai Henriette
|
| 260 |
|
|
|c 2010
|
| 300 |
|
|
|a 654-657
|
| 490 |
0 |
|
|a HÁZIORVOS TOVÁBBKÉPZŐ SZEMLE
|v 15 No. 10
|
| 650 |
|
4 |
|a Klinikai orvostan
|
| 700 |
0 |
1 |
|a Oláh Judit Magdolna
|e aut
|
| 856 |
4 |
0 |
|u http://publicatio.bibl.u-szeged.hu/30249/1/aok_klny_1571_10.pdf
|z Dokumentum-elérés
|